00270 a2200109 4500001000700000020000600007040001100013100003600024240004800060245004300108362000900151170111 a  cMagnum aSociedade Brasileira de Quimica10aQuimica nova - maio/junho - v.22 - n.3lpor10aQuimica nova - maio/junho - v.22 - n.30 a1899